000 00658nab a2200193 4500
001 244442
003 OSt
005 20240618084623.0
007 tu
008 200917s2020|||||||
040 _aDE-2950
_cDE-2950
245 0 0 _aBau mit Holz als Hoffnung für den Wohnungsmarkt
_bIndustrie. B&O Holzbau hat das neue Werk in Frankfurt (Oder) offiziell eröffnet. Warum serielles Bauen mir Holz so vielversprechend ist/
_cPhilipp Stepputtis
264 _c2024
653 _aFrankfurt (Oder)
653 _aB&O Holzbau
653 _aNeues Werk
773 0 _g35. Jahrgang (2024) Nr. 114 vom 17.05.2024, S. 13 mit Foto
_tMärkische Oderzeitung
942 _2z
_cA
999 _c373170
_d373170